Bitácora de un navegante : teoría política y dialéctica de la historia latinoamericana : antología esencial /

Los ensayos escogidos llevan como marca común una obstinación intelectual: ¿cómo construir una reflexión en clave marxista sobre las vías para la emancipación de nuestros pueblos? A partir de un análisis de las realidades de América Latina y el Caribe, de sus historias y de sus luchas -estudiadas co...

Full description

Bibliographic Details
Main Author: Borón, Atilio (Author)
Corporate Author: JSTOR (Organization)
Other Authors: González, Sabrina (Editor, writer of prologue,)
Format: eBook
Language:Spanish
Published: Ciudad de Buenos Aires, Argentina : CLACSO, 2020.
Subjects:
Online Access:Connect to the full text of this electronic book

MARC

Tag First Indicator Second Indicator Subfields
LEADER 00000cam a2200000Ii 4500
001 in00004368317
005 20211115211726.0
006 m o d
007 cr cnu---unuuu
008 210302s2020 ag ob 000 0 spa d
035 |a (OCoLC)on1240256167 
040 |a JSTOR  |b eng  |e rda  |e pn  |c JSTOR  |d OCLCO  |d OCLCF 
020 |a 9789877227116  |q (electronic bk.) 
020 |a 9877227118  |q (electronic bk.) 
035 |a (OCoLC)1240256167 
037 |a 22573/ctv1gkgcrw  |b JSTOR 
043 |a cl-----  |a cc----- 
050 4 |a JL960 
082 0 4 |a 320.98  |2 23 
049 |a TXAM 
100 1 |a Borón, Atilio,  |e author. 
245 1 0 |a Bitácora de un navegante :  |b teoría política y dialéctica de la historia latinoamericana : antología esencial /  |c Atilio Borón ; estudio introductorio y selección de Sabrina González. 
264 1 |a Ciudad de Buenos Aires, Argentina :  |b CLACSO,  |c 2020. 
300 |a 1 online resource. 
336 |a text  |b txt  |2 rdacontent 
337 |a computer  |b c  |2 rdamedia 
338 |a online resource  |b cr  |2 rdacarrier 
504 |a Includes bibliographical references. 
520 |a Los ensayos escogidos llevan como marca común una obstinación intelectual: ¿cómo construir una reflexión en clave marxista sobre las vías para la emancipación de nuestros pueblos? A partir de un análisis de las realidades de América Latina y el Caribe, de sus historias y de sus luchas -estudiadas con las herramientas de la filosofía y la teoría política-, este libro no solo reúne uno de los más importantes programas intelectuales concebidos entre el siglo XX y el siglo XXI, además -como señala Sabrina González en su introducción- nos presenta la figura de un hacedor de espacios de diálogo con proyección emancipadora entre e intergeneracional. 
588 0 |a PDF (JSTOR, viewed Mar. 2, 2021). 
651 0 |a Latin America  |x Politics and government. 
651 0 |a Caribbean Area  |x Politics and government. 
650 0 |a Communism. 
650 0 |a Socialism. 
650 0 |a Imperialism. 
650 0 |a Capitalism. 
650 7 |a Capitalism.  |2 fast  |0 (OCoLC)fst00846425 
650 7 |a Communism.  |2 fast  |0 (OCoLC)fst00870421 
650 7 |a Imperialism.  |2 fast  |0 (OCoLC)fst00968126 
650 7 |a Politics and government.  |2 fast  |0 (OCoLC)fst01919741 
650 7 |a Socialism.  |2 fast  |0 (OCoLC)fst01123637 
651 7 |a Caribbean Area.  |2 fast  |0 (OCoLC)fst01244080 
651 7 |a Latin America.  |2 fast  |0 (OCoLC)fst01245945 
655 7 |a Electronic books.  |2 local 
700 1 |a González, Sabrina,  |e writer of prologue,  |e editor. 
710 2 |a JSTOR (Organization) 
856 4 0 |u https://www.jstor.org/stable/10.2307/j.ctv1gm02jk  |z Connect to the full text of this electronic book  |t 0 
955 |a JSTOR Open Access ebooks 
994 |a 92  |b TXA 
999 f f |s 9f358120-f159-3f3c-ad3b-3cff32831776  |i cd7e6047-26c3-3ce5-82cf-8147ddd095f3  |t 0 
952 f f |a Texas A&M University  |b College Station  |c Electronic Resources  |d Available Online  |t 0  |e JL960  |h Library of Congress classification 
998 f f |a JL960  |t 0  |l Available Online